| 000 | 00636nam a22002057a 4500 | ||
|---|---|---|---|
| 008 | 160819b xxu||||| |||| 00| 0 eng d | ||
| 020 | _a9717251096 | ||
| 082 |
_22004 _aDFil 899.211 _bD36l |
||
| 245 | _aLiteratura ng iba't ibang rehiyon ng Pilipinas/ | ||
| 260 |
_aMakati City: _bGrandwater Publications, _cc2004. |
||
| 300 |
_a270 pages: _c25 cm. |
||
| 500 | _aInclude index. | ||
| 650 | 0 |
_913259 _aPhilippine literature (Filipino) |
|
| 700 |
_913260 _aDe dios, Luz A. |
||
| 700 |
_913261 _aChu, Elvira S. |
||
| 700 |
_913262 _aOrnos, Petra S. |
||
| 700 |
_913263 _aMartinez, Maria C. |
||
| 365 |
_b483.00 _cPhp. |
||
| 942 |
_2ddc _cDFIL |
||
| 999 |
_c3963 _d3963 |
||